Statistics for Movie Titles with Shared First Words #9

Click here to take the quiz!

General Stats

  • This quiz has been taken 1,421 times
    (1,260 since last reset)
  • The average score is 17 of 24

Answer Stats

Ends Of Movie TitlesFirst Word% Correct
Fu Hustle, Fu PandaKung
98%
Poppins, Queen Of ScotsMary
98%
And Glory, And PrejudicePride
97%
In Rome, Harry Met SallyWhen
97%
Life, School MusicalHigh
95%
Rabbit, PanPeter
95%
And Let Die, Free Or Die HardLive
93%
Player One, To RumbleReady
86%
Days Seven Nights, Degrees Of SeparationSix
86%
House, Farm, KingdomAnimal
82%
Weeks Notice, For The MoneyTwo
81%
Which Way But Loose, Second CountsEvery
78%
Time, Last Night, A Boy, SchmidtAbout
70%
Of Wax, Of Flying DaggersHouse
70%
Famous, HumanAlmost
61%
And Lyrics, Of The HeartMusic
52%
Heist, Of TerrorTower
51%
Ship, In The ShellGhost
49%
Floats, SpringsHope
45%
It Cool, For KeepsPlaying
43%
Records, Of The SunEmpire
41%
Flowers, ArrowBroken
38%
Earth, 48 Hrs.Another
34%
Young, MineForever
25%

Score Distribution

Percentile by Number Answered

Percent of People with Each Score

Your Score History

You have not taken this quiz since the last reset